Madame Bovary ; Salammbô / (Record no. 184823)
[ view plain ]
| 000 -LEADER | |
|---|---|
| campo de control de longitud fija | 00724nam a2200205 i 4500 |
| 001 - NÚMERO DE CONTROL | |
| campo de control | 184823 |
| 003 - IDENTIFICADOR DE NÚMERO DE CONTROL | |
| campo de control | ES-MaACL |
| 005 - FECHA Y HORA DE LA ÚLTIMA TRANSACCIÓN | |
| campo de control | 20260104170048.0 |
| 008 - DATOS DE LONGITUD FIJA--INFORMACIÓN GENERAL | |
| campo de control de longitud fija | 160202s1962 sp |||| | spa d |
| 080 ## - NÚMERO DE LA CLASIFICACIÓN DECIMAL UNIVERSAL | |
| Número de la Clasificación Decimal Universal | 821.133.1-31"18" |
| 100 1# - ENTRADA PRINCIPAL--NOMBRE DE PERSONA | |
| Nombre de persona | Flaubert, Gustave, |
| Fechas asociadas al nombre | 1821-1880 |
| 9 (RLIN) | 51134 |
| 245 10 - MENCIÓN DEL TÍTULO | |
| Título | Madame Bovary ; Salammbô / |
| Mención de responsabilidad, etc. | Gustave Flaubert ; versión castellana, prólogo y notas de Joan Sales ; [ilustraciones de J. Vila Grau y Datsira. |
| 260 ## - PUBLICACIÓN, DISTRIBUCIÓN, ETC. | |
| Lugar de publicación, distribución, etc. | Barcelona : |
| Nombre del editor, distribuidor, etc. | Vergara, |
| Fecha de publicación, distribución, etc. | imp. 1962. |
| 300 ## - DESCRIPCIÓN FÍSICA | |
| Extensión | 955 p., [12] h. de lám. col. ; |
| Dimensiones | 19 cm. |
| 490 1# - MENCIÓN DE SERIE | |
| Mención de serie | Clásicos Vergara |
| 700 0# - ENTRADA AGREGADA--NOMBRE PERSONAL | |
| Nombre de persona | Sales, Joan. |
| 9 (RLIN) | 101875 |
| 830 0# - PUNTO DE ACCESO ADICIONAL DE SERIE-TÍTULO UNIFORME | |
| Título uniforme | Clásicos Vergara |
| 9 (RLIN) | 192239 |
| 852 ## - LOCALIZACIÓN | |
| Ubicación | ES-MaACL |
| Número de control de estantería | C-23024 |
| Estatus retirado | Estado de pérdida | Estado de daño | No para préstamo | Biblioteca de origen | Biblioteca actual | Ubicación en estantería | Fecha de adquisición | Fuente de adquisición | Total de préstamos | Signatura topográfica completa | Código de barras | Visto por última vez | Precio de reemplazo | Tipo de ítem Koha |
|---|---|---|---|---|---|---|---|---|---|---|---|---|---|---|
| Biblioteca del Ateneo de Madrid | Biblioteca del Ateneo de Madrid | Depósito 2 | 02/02/2016 | C-23024 | 1194646 | 23/02/2023 | 23/02/2023 | Libro impreso |
